| 000 -LEADER |
| fixed length control field |
00597cam a2200217 i 4500 |
| 001 - CONTROL NUMBER |
| control field |
3192993 |
| 005 - DATE AND TIME OF LATEST TRANSACTION |
| control field |
20171219092218.0 |
| 008 - FIXED-LENGTH DATA ELEMENTS--GENERAL INFORMATION |
| fixed length control field |
770520s1977 nyu b 001 0 eng |
| 010 ## - LIBRARY OF CONGRESS CONTROL NUMBER |
| LC control number |
77009376 |
| 020 ## - INTERNATIONAL STANDARD BOOK NUMBER |
| International Standard Book Number |
0231043961. |
| -- |
023104397X |
| 040 ## - CATALOGING SOURCE |
| Original cataloging agency |
DLC |
| Transcribing agency |
DLC |
| Modifying agency |
DLC |
| 041 ## - LANGUAGE CODE |
| Language code of text/sound track or separate title |
eng |
| 080 ## - UNIVERSAL DECIMAL CLASSIFICATION NUMBER |
| Universal Decimal Classification number |
327 BER |
| 082 00 - DEWEY DECIMAL CLASSIFICATION NUMBER |
| Classification number |
327 BER |
| 100 ## - Rafti |
| Rafti |
19 |
| 101 ## - Shkurtesa |
| Shkurtesa |
POL |
| 245 00 - TITLE STATEMENT |
| Title |
Unofficial diplomats / |
| Statement of responsibility, etc |
Maureen R. Berman and Joseph E. Johnson, editors. |
| 504 ## - BIBLIOGRAPHY, ETC. NOTE |
| Bibliography, etc |
Includes bibliographical references and index. |
| 906 ## - LOCAL DATA ELEMENT F, LDF (RLIN) |
| a |
7 |
| b |
cbc |
| c |
orignew |
| d |
1 |
| e |
ocip |
| f |
19 |
| g |
y-gencatlg |
| 942 ## - ADDED ENTRY ELEMENTS (KOHA) |
| Source of classification or shelving scheme |
|
| Item type |
Books |